01274cam a2200325 a 4500001001300000003000400013005001700017008004100034010001700075035002700092040003300119050001700152066000700169082001700176245006900193250002500262260006800287300007200355500009400427500006400521600003800585700002700623880007400650880002600724880007300750880004100823880002900864987003800893999001700931c 67002541 DLC20260227111036.0871124s1967 ch abch 00000 chi  ac 67002541  a(CStRLIN)DCLP87-B21945 aDLC-RcDLC-RdCStRLINdDLC-R00aDS777.2b.S5 c$100a951.04/1219006880-01aYuan Shikai shi liao hui kan /c[Shen Yunlong zhu bian]. 6880-02aTai chu ban. 6880-03aTaibei Xian Yonghe zhen :bWen hai chu ban she,c[1966- a :bill., facsims., maps, ports. ;c20 cm. aVol. 1, pts. 2-3, v. 2, 4-8 have title: Xiangcheng Yuan Shikai you guan zi liao hui kan. aVols. 11-17 have title: Yuan Shikai shi liao hui kan xu ji.106880-04aYuan, Shikai,d1859-1916.1 6880-05aShen, Yunlong.006245-01/$1a袁 世凱 史料 彙刊 /c[沈 雲龍 主編]. 6250-02/$1a臺初版. 6260-03/$1a臺北縣 永和鎭 :b文海 出版社,c1966-<1967>146600-04/$1a袁 世凱,d1859-1916.1 6700-05/$1a沈 雲龍. aPINYINbCStRLINc20001210dce1.0 c12940d12940